Yüklüyor......

Perspectives in parasitology

Detaylı Bibliyografya
Yazar: Sen, A B, Ed
Diğer Yazarlar: Katiyar, J C, ed
Materyal Türü: Printed Book
Dil:Undetermined
Baskı/Yayın Bilgisi: Lucknow : Print House, 1985
Konular:
LEADER 00501nam a2200157Ia 4500
008 200122s9999||||xx |||||||||||||| ||und||
080 |a 616.96  |b SEN-P 
100 |a Sen, A B, Ed. 
245 0 |a Perspectives in parasitology 
260 |a  Lucknow :  |b Print House,  |c 1985 
300 |a 306 p. 
650 |a Parasitic diseases 
700 |a  Katiyar, J C, ed. 
942 |c BK 
999 |c 260629  |d 260629 
952 |0 0  |1 0  |4 0  |6 616_960000000000000_SENP  |7 0  |9 276840  |a BCH  |b BCH  |l 0  |o 616.96 SEN-P  |p BCH1732  |r 2020-01-24  |w 2020-01-24  |y BK